Statistics for Top 20 Spotify Artists January 2024

Click here to take the quiz!

General Stats

  • This quiz has been taken 94 times
  • The average score is 8 of 20

Answer Stats

mon. listenersAnswer% Correct
107,571,730Taylor Swift
95%
83,225,492Drake
78%
113,713,232The Weeknd
73%
81,901,614Ed Sheeran
65%
93,478,296Ariana Grande
59%
88,832,814Justin Bieber
53%
75,950,436Bad Bunny
50%
73,530,204Eminem
43%
81,652,042Rihanna
43%
65,030,617Billie Eilish
36%
72,347,123Dua Lipa
34%
65,372,636Miley Cyrus
31%
69,884,327Doja Cat
30%
66,053,994SZA
24%
75,836,230Coldplay
21%
66,554,864Bruno Mars
18%
71,515,497Mariah Carey
14%
71,948,351David Guetta
13%
72,903,608Sia
8%
68,619,583Marshmello
4%

Score Distribution

Percentile by Number Answered

Percent of People with Each Score

Your Score History

You have not taken this quiz